100 Biggest Urban Areas in Europe (Alternate Source) - Statistics

General Stats
  • This quiz has been taken 58 times
  • The average score is 81 of 100
Answer Stats
Hint Answer Country Population % Correct
31 Amsterdam Netherlands 1,736,000
100%
12 Athens Greece 3,309,000
100%
9 Barcelona Spain 5,317,000
100%
10 Berlin Germany 4,286,000
100%
19 Budapest Hungary 2,407,000
100%
41 Dublin Ireland 1,386,000
100%
2 Istanbul Turkey 14,441,000
100%
15 Kiyev Ukraine 3,001,000
100%
16 Lisbon Portugal 2,832,000
100%
4 London United Kingdom 10,803,000
100%
5 Madrid Spain 6,798,000
100%
18 Manchester United Kingdom 2,449,000
100%
8 Milan Italy 5,471,000
100%
1 Moscow Russia 17,878,000
100%
25 Munich Germany 2,112,000
100%
3 Paris France 11,108,000
100%
49 Prague Czech Republic 1,240,000
100%
13 Rome Italy 3,239,000
100%
22 Stockholm Sweden 2,200,000
100%
28 Vienna Austria 2,030,000
100%
29 Warsaw Poland 2,028,000
100%
44 Belgrade Serbia 1,355,000
98%
17 Birmingham United Kingdom 2,517,000
98%
20 Brussels Belgium 2,238,000
98%
26 Bucharest Romania 2,097,000
98%
33 Copenhagen Denmark 1,650,000
98%
6 Essen-Dusseldorf Germany 6,769,000
98%
24 Minsk Belarus 2,126,000
98%
11 Naples Italy 3,653,000
98%
14 Rotterdam-Hague Netherlands 3,027,000
98%
7 St. Petersburg Russia 5,750,000
98%
35 Valencia Spain 1,547,000
98%
27 Frankfurt Germany 2,055,000
95%
23 Hamburg Germany 2,189,000
95%
51 Helsinki Finland 1,146,000
95%
38 Lyon France 1,424,000
95%
39 Marseille France 1,406,000
95%
61 Oslo Norway 1,007,000
95%
43 Porto Portugal 1,364,000
95%
64 Tirana Albania 917,000
95%
72 Bordeaux France 827,000
93%
21 Cologne-Bonn Germany 2,218,000
93%
54 Glasgow United Kingdom 1,100,000
93%
71 Liverpool United Kingdom 835,000
93%
78 Palermo Italy 747,000
93%
56 Sofia Bulgaria 1,087,000
93%
68 Zurich Switzerland 863,000
93%
79 Krakow Poland 744,000
90%
53 Seville Spain 1,138,000
90%
70 Thessaloniki Greece 844,000
90%
66 Gdansk Poland 874,000
88%
32 Leeds-Bradford United Kingdom 1,659,000
88%
46 Lille France 1,315,000
88%
40 Stuttgart Germany 1,397,000
86%
36 Turin Italy 1,492,000
86%
75 Bilbao Spain 782,000
83%
92 Goteborg Sweden 683,000
83%
52 Odessa Ukraine 1,142,000
83%
89 Zagreb Croatia 691,000
83%
58 Antwerp Belgium 1,070,000
81%
77 Florence Italy 764,000
81%
37 Kharkov Ukraine 1,484,000
81%
84 Newcastle upon Tyne United Kingdom 719,000
81%
50 Dnipro Ukraine 1,220,000
79%
87 Dresden Germany 698,000
79%
67 Nice France 871,000
76%
45 Volgograd Russia 1,324,000
76%
30 Katowice-Gliwice-Tychy Poland 1,903,000
74%
74 Lodz Poland 798,000
74%
76 Lviv Ukraine 782,000
74%
63 Toulouse France 946,000
74%
65 Utrecht Netherlands 907,000
74%
80 Hannover Germany 742,000
71%
98 Leipzig Germany 636,000
71%
88 Malaga Spain 692,000
71%
34 Nizhniy Novgorod Russia 1,635,000
71%
95 Mannheim Germany 658,000
69%
73 Southampton-Portsmouth United Kingdom 805,000
69%
99 Wroclaw Poland 635,000
69%
97 Belfast United Kingdom 648,000
67%
42 Donetsk Ukraine 1,378,000
67%
83 Nuremburg Germany 720,000
67%
100 Bristol United Kingdom 635,000
64%
60 Ufa Russia 1,016,000
64%
48 Kazan Russia 1,255,000
62%
85 Nottingham United Kingdom 719,000
62%
47 Rostov Russia 1,264,000
62%
55 Samara Russia 1,089,000
62%
93 Poznan Poland 680,000
57%
86 Zaragoza Spain 707,000
57%
91 Catania Italy 687,000
52%
69 Krasnodar Russia 858,000
50%
59 Voronezh Russia 1,069,000
43%
57 Saratov Russia 1,083,000
36%
81 Zaporizhzhya Ukraine 738,000
36%
90 Gomel Belarus 688,000
31%
94 Bergamo Italy 660,000
26%
82 Tolyatti Russia 731,000
24%
96 Izhevsk Russia 655,000
12%
62 Makhachkala Russia 979,000
7%
No matching quizzes found
Score Distribution
Percent of People with Each Score
Percentile by Number Answered
Your Score History
You have not taken this quiz